www.education.sk. Online databáza vzdelávacích aktivít na Internete

Bibliographic Details
Format: Article
Language:Slovak
Subjects:

MARC

LEADER 00000nab a2200000 a 4500
001 vtls001511535
003 SK-MaSNL
005 20260304180044.0
008 250505s2001 xo 000 0 slo
015 |a SNBRB 
035 |a SPKCL13862 
035 |a urn:nbn:sk:snk-abaf1w 
035 |a (urnnbn)urn:nbn:sk:snk:ar-a0asq3 
035 |a (uuid)a2dbf260-4a56-425c-94d5-da1f9546ba95 
040 |a SNKBUCL  |b slo  |c SNKBUCL  |e AACR2 
041 0 |a slo 
044 |a xo  |c SK 
080 |a 374.7:004  |2 1981 
245 0 0 |a www.education.sk. Online databáza vzdelávacích aktivít na Internete 
650 0 7 |a vzdelávanie dospelých  |2 snkbucl  |9 4999 
650 0 7 |a informačné technológie  |2 snkbucl  |9 1527 
650 0 7 |a World Wide Web  |2 snkbucl  |9 59041 
650 0 7 |a personálny manažment  |2 snkbucl  |9 936 
773 0 |t Vzdelávanie dospelých  |g Roč. 6, č. 4 (2001), s. 62-65 
850 |a Slovenská národná knižnica 
852 |a Slovenská národná knižnica 
954 |a odborná, vedecká literatúra pôvodná (slovenská)  |2 lita 
958 |a article14 
958 |a OND 
958 |a EUIPO 
999 |c 3016313  |d 3018243